000 00574nam a22002057a 4500
003 OSt
005 20240625144306.0
008 240625b |||||||| |||| 00| 0 eng d
020 _a9970429019
040 _cDDC
082 _a551.43 RWE 1998
100 _aEdited by Osmaston, Henry; [et...al]
_917849
245 _aThe Rwenzori Mountains National Park, Uganda:
260 _aMakerere university press, 1998
300 _a395p; ill: 22cm
500 _aAppendices included
650 _aRwenzori park
_917850
650 _aUganda game park
_917851
942 _2ddc
_cO_SHELF
999 _c8831
_d8831